000 01259nam a22003617a 4500
003 CHAP
005 20240515143135.0
008 060310d2005 ke r 00110 eng d
010 _a91665
011 _a92637
020 _a9291461679
035 _a103202
040 _cCHAP
082 0 4 _a636.0855
_bA9
100 1 _aAyantunde, A. A.
_eed.
_98995
245 1 0 _aCoping with feed scarcity in smallholder livestock systems in developing countries
_c/ed. by A. A. Ayantunde, S. Fernández-Rivera and G. McCrabb
260 _aNairobi, Kenya :
_bInternational Livestock Research Institute,
_c2005.
300 _a300 p.
_b+ 1 disco compacto 4 3/4 plgs.
590 _aBATCH-UPD
_b10
_c20130110
590 _aBATCH-UPD
_b10
_c20130410
590 _aBATCH-UPD
_b10
_c20130914
590 _aCONVERSION
_b10
_c20130109
650 1 4 _aAlimentos y alimentacion del ganado.
_94326
650 1 4 _aDesnutrición.
_932165
650 1 4 _aGanado
_xTrópicos.
_944956
700 0 _aFernández Rivera, Salvador
_eed.
_940283
700 1 _aMcCrabb, G.
_eed.
_973439
901 _aBK
905 _aLilia
942 _cCD
_2ddc
949 _a636.0855 A9
_bBC
_cLIBRO
_d33724000968384
_eLIBRO
_h107691
_i103202
_si
949 _a636.0855 A9
_bBC
_cLIBRO
_d33724002027603
_eCD
_fCD
_i103202
_sb
999 _c91665
_d91665